LEADER 01716nam a2200313 a 4500 001 000000126688 003 CaOOAMICUS 005 20111025133648.0 008 111025s2010 it u000 u ita r 040 $aPUL$bita 082 04$a322.1 110 1 $aItalia.$bSenato della Repubblica.$0(OLS)http://pul/name/75567 245 10$a80° anniversario del Concordato :$bChiesa e Stato in Italia. Dalla Grande Guerra al nuovo Concordato (1914-1984) /$cSenato della Repubblica ; dibattito coordinato da Stefano Folli. 260 $aRoma :$bSenato della Repubblica,$c©2010. 300 $a75 p. ;$c22 cm. 490 1 $aIncontri in Senato ;$v03 500 $aIn testa al front.: Senato della Repubblica. 500 $aIl presente volume raccoglie i testi degli interventi tenuti presso la sala Capitolare del Palazzo della Minerva in occasione del Convegno di presentazione del libro "Chiesa e Stato in Italia. Dalla Grande Guerra al nuovo Concordato (1914-1984). 504 $aBibliografia in nota. 650 4$aConcordati$zItalia$y1914-1984.$0(OLS)http://pul/subject/38283 700 1 $aFolli, Stefano.$0(OLS)http://pul/name/80766 830 0$aIncontri in Senato ;$v03.$0(OLS)http://pul/title/151886 850 $aPUL 852 $aPUL$W1$xDP2 Diritto e Scienze Sociali 3$y110$m322.1 SENAT 1$j146475$qDDC 21$B145182$CPULBib$Z2$F145182 $H116502 $82 941 1 $a9 996 $6082$a322.1$9(OLS)http://pul/classification/1681 996 $6245$a80° anniversario del Concordato :$bChiesa e Stato in Italia. Dalla Grande Guerra al nuovo Concordato (1914-1984)$9(OLS)http://pul/title/160020 996 $6260$aRoma :$bSenato della Repubblica$9(OLS)http://pul/publisher/81114 LEADER 01492nam a2200349 a 4500 001 000000173594 003 CaOOAMICUS 005 20200625170001.0 008 200625s2020 it u000 u ita r 020 $a978-88-288-0690-5* 032 $aLibriCat 040 $aPUL$bita 082 00$a346.45066 100 1 $aFerri, Giuseppe,$cjunior,$d1967-$0(OLS)http://pul/name/91134 245 10$aDella società in accomandita per azioni : $b[ artt. 2452-2461] / $cGiuseppe Ferri jr. 260 $aMilano :$bGiuffrè Francis Lefebvre,$c©2020. 300 $aXX, 218 p. ;$c25 cm 490 1 $aIl Codice civile.$aCommentario 500 $aInclude indici. 504 $aBibliografia in nota. 505 1 $a Artt. 2452-2461. 630 04$aCodice civile$zItalia.$0(OLS)http://pul/subject/33346 650 4$aDiritto societario$zItalia.$0(OLS)http://pul/subject/39564 830 3$aIl Codice civile.$pCommentario.$0(OLS)http://pul/title/53143 850 $aPUL 852 $aPUL$W1$xSL Diritto e Scienze Sociali 3$y79$m300 A 1.2452$j197593$qDDC 21$B202380$CPULBib$Z2$F202380 $H134257 $82 941 1 $a9 996 $6020$a978-88-288-0690-5*$9(OLS)http://pul/number/167590 996 $6082$a346.45066$9(OLS)http://pul/classification/3293 996 $6245$aDella società in accomandita per azioni : $b[ artt. 2452-2461] / $9(OLS)http://pul/title/214772 996 $6260$aMilano :$bGiuffrè Francis Lefebvre$9(OLS)http://pul/publisher/86917